Southville International School and Colleges
Your cart is empty.
  • Cart
  • Lists
    Public lists Eva Luna New books Lux_list list_1
    Your lists Log in to create your own lists
  • Log in to your account
  • Your cookies
  • Search history
Southville International School and Colleges
  • Advanced search
  • Recent comments
  • Most popular
  • Libraries

Log in to your account

Log in with GOOGLE


If you do not have an external account, but do have a local account, you can still log in:

  1. Home
  2. MARC view: Paper cuts :
Normal view MARC view ISBD view

Paper cuts : (Record no. 17054)

[ view plain ]
MARC details
000 -LEADER
fixed length control field 00878cam a22003017a 4500
001 - CONTROL NUMBER
control field 16647421
003 - CONTROL NUMBER IDENTIFIER
control field OSt
005 - DATE AND TIME OF LATEST TRANSACTION
control field 20140310182858.0
008 - FIXED-LENGTH DATA ELEMENTS--GENERAL INFORMATION
fixed length control field 110210s2010 ph a 000 0 eng
010 ## - LIBRARY OF CONGRESS CONTROL NUMBER
LC control number 2011308004
020 ## - INTERNATIONAL STANDARD BOOK NUMBER
International Standard Book Number 9789712724701
040 ## - CATALOGING SOURCE
Original cataloging agency DLC
Transcribing agency DLC
Modifying agency DLC
042 ## - AUTHENTICATION CODE
Authentication code lcode
050 00 - LIBRARY OF CONGRESS CALL NUMBER
Classification number PS 9993
Item number .P293 2010
082 ## - DEWEY DECIMAL CLASSIFICATION NUMBER
Classification number FIL 895
Item number P293 2010
100 1# - MAIN ENTRY--PERSONAL NAME
Personal name Pastor, Pam.
245 10 - TITLE STATEMENT
Title Paper cuts :
Remainder of title dodging deadlines, celebrity run-ins and other stories i told the internet /
Statement of responsibility, etc Pastor, Pam
260 ## - PUBLICATION, DISTRIBUTION, ETC. (IMPRINT)
Place of publication, distribution, etc Philippines, Mandaluyong
Name of publisher, distributor, etc Anvil Publishing Inc.
Date of publication, distribution, etc c2010.
300 ## - PHYSICAL DESCRIPTION
Extent 169 p. :
Other physical details ill. ;
Dimensions 18 cm.
521 ## - TARGET AUDIENCE NOTE
Target audience note
526 ## - STUDY PROGRAM INFORMATION NOTE
Reading level 1210L to 1700L
541 ## - IMMEDIATE SOURCE OF ACQUISITION NOTE
-- 1
541 ## - IMMEDIATE SOURCE OF ACQUISITION NOTE
-- 2
562 ## - COPY AND VERSION IDENTIFICATION NOTE
Number of copies 2
906 ## - LOCAL DATA ELEMENT F, LDF (RLIN)
a 7
b cbc
c origode
d 4
e ncip
f 20
g y-gencatlg
942 ## - ADDED ENTRY ELEMENTS (KOHA)
Source of classification or shelving scheme Library of Congress Classification
Koha item type Books
Call number prefix Filipininana
Holdings
Withdrawn status Lost status Source of classification or shelving scheme Damaged status Home library Current library Shelving location Date acquired Total Checkouts Full call number Barcode Date last seen Copy number Price effective from Koha item type
    Library of Congress Classification   College Library College Library Filipiniana Section 06/09/2012   PS 9993 .P293 2010 C14709 05/08/2018 1 11/14/2013 Books
    Library of Congress Classification   College Library College Library Filipiniana Section 05/28/2013   PS 9993 .P293 2010 c14297 05/08/2018 2 11/14/2013 Books

Paper cuts :

APA

Pastor P., . (2010). Paper cuts. Philippines, Mandaluyong: Anvil Publishing Inc.

Chicago

Pastor Pam, . 2010. Paper cuts. Philippines, Mandaluyong: Anvil Publishing Inc.

Harvard

Pastor P., . (2010). Paper cuts. Philippines, Mandaluyong: Anvil Publishing Inc.

MLA

Pastor Pam, . Paper cuts. Philippines, Mandaluyong: Anvil Publishing Inc. 2010.

  • Place hold
  • Print
  • Cite
  • Add to your cart (remove)
  • Save record
    BIBTEX Dublin Core MARCXML MARC (non-Unicode/MARC-8) MARC (Unicode/UTF-8) MARC (Unicode/UTF-8, Standard) MODS (XML) RIS
  • More searches
    Search for this title in:
    Other Libraries (WorldCat) Other Databases (Google Scholar) Online Stores (Bookfinder.com) Open Library (openlibrary.org)

Exporting to Dublin Core...

SOUTHVILLE LIBRARY

Southville International School and Colleges Library

1281 Tropical Ave. Cor. Luxembourg St., BF Homes International, Las Pinas City

Tel. No. 8256374 / 252358 Loc. 117/146

Powered by Koha